Exposición elevada a S. M. por la Comisión Permanente de Propietarios de Barcelona, acerca del proyecto aprobado de reforma interior de dicha ciudad. (Record no. 187794)

MARC details
000 -LEADER
campo de control de longitud fija 00739nam a2200169 i 4500
001 - NÚMERO DE CONTROL
campo de control 187794
003 - IDENTIFICADOR DE NÚMERO DE CONTROL
campo de control ES-MaACL
005 - FECHA Y HORA DE LA ÚLTIMA TRANSACCIÓN
campo de control 20230906223030.0
008 - DATOS DE LONGITUD FIJA--INFORMACIÓN GENERAL
campo de control de longitud fija 180223s1860 sp |||| | spa d
245 00 - MENCIÓN DEL TÍTULO
Título Exposición elevada a S. M. por la Comisión Permanente de Propietarios de Barcelona, acerca del proyecto aprobado de reforma interior de dicha ciudad.
260 ## - PUBLICACIÓN, DISTRIBUCIÓN, ETC.
Lugar de publicación, distribución, etc. [S.l.] :
Nombre del editor, distribuidor, etc. [s.n.],
Fecha de publicación, distribución, etc. 1860 (
Lugar de fabricación/manufactura Barcelona :
Fabricante Imp. del Diario de Barcelona, a cargo de Francisco Gabañach)
300 ## - DESCRIPCIÓN FÍSICA
Extensión 24 p. ;
Dimensiones 25 cm.
530 ## - NOTA DISPONIBLE DE FORMULARIO FÍSICO ADICIONAL
Nota de formato físico adicional disponible Disponible en formato digital.
650 #4 - PUNTO DE ACCESO ADICIONAL DE MATERIA--TÉRMINO DE MATERIA
Término de materia o nombre geográfico como elemento de entrada Planes especiales-
Subdivisión geográfica Barcelona.
9 (RLIN) 164319
852 ## - LOCALIZACIÓN
Ubicación ES-MaACL
Número de control de estantería T-65-F-11
856 ## - LOCALIZACIÓN Y ACCESO ELECTRÓNICOS
Identificador Uniforme de Recursos <a href="http://bdh-rd.bne.es/viewer.vm?id=0000085208&page=1 ">http://bdh-rd.bne.es/viewer.vm?id=0000085208&page=1 </a>
Nota pública Biblioteca Digital Hispánica
Holdings
Estatus retirado Estado de pérdida Estado de daño No para préstamo Colección Biblioteca de origen Biblioteca actual Ubicación en estantería Fecha de adquisición Fuente de adquisición Total de préstamos Signatura topográfica completa Código de barras Visto por última vez Precio de reemplazo Tipo de ítem Koha
        Colección de folletos Biblioteca del Ateneo de Madrid Biblioteca del Ateneo de Madrid Depósito folletos 23/02/2018     T-65-F-11 1198419 23/02/2023 23/02/2023 Folleto